LEADER 00786nam0-22002891i-450- 001 990003051380403321 035 $a000305138 035 $aFED01000305138 035 $a(Aleph)000305138FED01 035 $a000305138 100 $a20000920d--------km-y0itay50------ba 101 0 $aita 102 $aIT 200 1 $a<>doctrina del gran espacio economico$fGerman Bernacer. 210 $aMadrid$cAguilar$d\( \\s.a.). 215 $axxxix, 192 p.$d19 cm 610 0 $aEconomia internazionale 676 $aO/1.33 702 1$aBernácer,$bGermán 801 0$aIT$bUNINA$gRICA$2UNIMARC 901 $aBK 912 $a990003051380403321 952 $aO/1.33 BER$b05359$fSES 959 $aSES 996 $aDoctrina del gran espacio economico$9462913 997 $aUNINA DB $aING01 LEADER 01141nam a2200301 i 4500 001 991000834079707536 005 20020507102053.0 008 970530s1994 us ||| | eng 020 $a0387941886 035 $ab10136095-39ule_inst 035 $aLE00637611$9ExL 040 $aBibl. Dip.le Aggr. Matematica e Fisica - Sez. Fisica$beng 082 04$a530.1'1 084 $a53.1.5 084 $aLC QC173.55 100 1 $aMould, Richard A.$042830 245 10$aBasic relativity /$cRichard A. Mould 260 $aNew York :$bSpringer-Verlag,$c1994 300 $axiv, 452 p. ;$c24 cm 500 $aIncludes bibliographical references and index 650 4$aRelativity (Physics) 907 $a.b10136095$b15-01-21$c27-06-02 912 $a991000834079707536 945 $aLE006 53.1.5 MOU$g1$i2006000067829$lle006$o-$pE0.00$q-$rl$s- $t0$u4$v4$w4$x0$y.i10160644$z27-06-02 945 $aLE006 Fondo Polezzo 317$cEx libris Stefano Polezzo$g1$i2006000183253$lle006$og$pE42.79$q-$rl$s- $t0$u0$v0$w0$x0$y.i15947750$z15-01-21 996 $aBasic relativity$9185308 997 $aUNISALENTO 998 $ale006$b12-05-20$cm$da $e-$feng$gus $h0$i1